Recent technical developments in telecommunications : (Record no. 176366)
[ view plain ]
| 000 -LEADER | |
|---|---|
| fixed length control field | 01133 a2200217 4500 |
| 003 - CONTROL NUMBER IDENTIFIER | |
| control field | Nust |
| 005 - DATE AND TIME OF LATEST TRANSACTION | |
| control field | 20220729131341.0 |
| 010 ## - LIBRARY OF CONGRESS CONTROL NUMBER | |
| LC control number | 91042272 |
| 020 ## - INTERNATIONAL STANDARD BOOK NUMBER | |
| International Standard Book Number | 0444892273 |
| 040 ## - CATALOGING SOURCE | |
| Transcribing agency | Nust |
| 082 00 - DEWEY DECIMAL CLASSIFICATION NUMBER | |
| Classification number | 004.6,REC |
| 245 10 - TITLE STATEMENT | |
| Title | Recent technical developments in telecommunications : |
| Remainder of title | lectures given during the International Chair in Computer Science, held from December 1989 to March 1990 / |
| Statement of responsibility, etc. | edited by Paul Levaux. |
| 260 ## - PUBLICATION, DISTRIBUTION, ETC. | |
| Place of publication, distribution, etc. | Amsterdam ; |
| -- | New York : |
| Name of publisher, distributor, etc. | North-Holland ; |
| Place of publication, distribution, etc. | New York, N.Y., U.S.A. : |
| Name of publisher, distributor, etc. | Distributors for the U.S. and Canada, Elsevier Science Pub. Co., |
| Date of publication, distribution, etc. | 1992. |
| 300 ## - PHYSICAL DESCRIPTION | |
| Extent | vii, 402 p. : |
| Other physical details | ill. ; |
| Dimensions | 25 cm. |
| 505 ## - FORMATTED CONTENTS NOTE | |
| Formatted contents note | Modern Receiver Structures for Digital Communication (Page-1), Transport Protocols for High Speed Networks (Page-95), Security in Distributed Systems (Page-145), Specification Structuring (Page-229), Campus Communications Course (Page-265). |
| 650 #0 - SUBJECT ADDED ENTRY--TOPICAL TERM | |
| Topical term or geographic name entry element | Computer network protocols |
| General subdivision | Congresses. |
| 9 (RLIN) | 95797 |
| 650 #0 - SUBJECT ADDED ENTRY--TOPICAL TERM | |
| Topical term or geographic name entry element | Computer networks |
| General subdivision | Congresses. |
| 9 (RLIN) | 95798 |
| 650 #0 - SUBJECT ADDED ENTRY--TOPICAL TERM | |
| Topical term or geographic name entry element | Computer networks |
| General subdivision | Security measures |
| -- | Congresses. |
| 9 (RLIN) | 95799 |
| 700 1# - ADDED ENTRY--PERSONAL NAME | |
| Personal name | Levaux, Paul. |
| 9 (RLIN) | 95800 |
| 942 ## - ADDED ENTRY ELEMENTS (KOHA) | |
| Source of classification or shelving scheme | |
| Koha item type | Book |
| Call number prefix | 004.6,REC |
| Withdrawn status | Lost status | Source of classification or shelving scheme | Damaged status | Not for loan | Permanent Location | Current Location | Shelving location | Date acquired | Full call number | Barcode | Date last seen | Price effective from | Koha item type | Public note |
|---|---|---|---|---|---|---|---|---|---|---|---|---|---|---|
| Military College of Signals (MCS) | Military College of Signals (MCS) | General Stacks | 12/12/2016 | 004.6,REC | MCS3123 | 12/08/2016 | 12/12/2016 | Book | Almirah No.3, Shelf No.1 |
